000
00373nam a2200133Ia 4500
008
151001s9999||||xx |||||||||||||| ||und||
100
_a
हरी नारायण आपटे
245
_a
संत सखुबाई नाटक
250
_a
7
260
_b
आर्यभूषण मुद्रणालय
260
_c
1965
300
_a
119
365
_b
21
999
_c
956687
_d
956684